[Event "Vojvodina-chT"]
[Site "Pancevo"]
[Date "2007.09.30"]
[Round "9"]
[White "Velickovic, Sasa"]
[Black "Santrac, Slobodan"]
[Result "1-0"]
[WhiteElo "2404"]
[BlackElo "2146"]
[PlyCount "53"]
[EventDate "2007.09.24"]
[EventType "team-tourn"]
[EventRounds "9"]
[EventCountry "SRB"]
[SourceTitle "EXT 2023"]
[Source "ChessBase"]
[SourceDate "2022.10.05"]
[SourceVersion "1"]
[SourceVersionDate "2022.10.05"]
[SourceQuality "1"]

1. e4 c5 2. Nc3 Nc6 3. Nge2 e5 4. Nd5 Nf6 5. Nec3 Nd4 6. Nxf6+ Qxf6 7. Nd5 Qd8 8. c3 Ne6 9. Bc4 a6 10. a4 b6 11. 0-0 Bd6 12. g3 Rb8 13. Qe2 a5 14. f4 f6 15. f5 Ng5 16. Qh5+ Nf7 17. Nc7+ Qxc7 18. Qxf7+ Kd8 19. Qxg7 Rf8 20. Qxh7 Bb7 21. d3 Kc8 22. Bh6 Re8 23. Qg6 Qd8 24. Bf7 Kc7 25. Bxe8 Qxe8 26. Qxe8 Rxe8 27. c4 1-0

[Event "Vojvodina-chT"]
[Site "Pancevo"]
[Date "2007.09.26"]
[Round "4"]
[White "Berescu, Alin Mile"]
[Black "Santrac, Slobodan"]
[Result "1-0"]
[WhiteElo "2511"]
[BlackElo "2146"]
[PlyCount "118"]
[EventDate "2007.09.24"]
[EventType "team-tourn"]
[EventRounds "9"]
[EventCountry "SRB"]
[SourceTitle "EXT 2023"]
[Source "ChessBase"]
[SourceDate "2022.10.05"]
[SourceVersion "1"]
[SourceVersionDate "2022.10.05"]
[SourceQuality "1"]

1. e4 c5 2. Nf3 Nc6 3. d4 cxd4 4. Nxd4 a6 5. c4 Nf6 6. Nc3 e5 7. Nc2 Be7 8. Be2 d6 9. Be3 Be6 10. Qd2 Rc8 11. Rc1 0-0 12. f3 Nh5 13. 0-0 Nf4 14. Rfd1 Nxe2+ 15. Qxe2 Nd4 16. Nxd4 Bxc4 17. Qf2 exd4 18. Bxd4 Be6 19. Qg3 g6 20. f4 f5 21. exf5 Bxf5 22. Qf3 Qd7 23. Re1 Bd8 24. h3 h5 25. Rcd1 Kh7 26. Rd2 Qc6 27. Nd5 Re8 28. Rxe8 Qxe8 29. Re2 Qf7 30. Nc3 h4 31. Ne4 Bxe4 32. Rxe4 Rc1+ 33. Kh2 d5 34. Re5 Bc7 35. Qg4 Bxe5 36. Qxh4+ Kg8 37. Qd8+ Qf8 38. Qxd5+ Kh7 39. Bxe5 Qe7 40. a3 Rc8 41. Bc3 Rd8 42. Qf3 Rd7 43. Qg4 Rd5 44. Qc8 Rd8 45. Qc4 Rd7 46. Be5 Rd8 47. Qe4 Rf8 48. Qd4 Rd8 49. Qb6 Re8 50. b4 Qf7 51. Qd6 Re6 52. Qd8 Rxe5 53. fxe5 Qf4+ 54. Kg1 Qxe5 55. Qd7+ Kh6 56. Qd2+ Kh5 57. Kf2 g5 58. Qe2+ Qxe2+ 59. Kxe2 g4 1-0

[Event "Vojvodina-chT"]
[Site "Pancevo"]
[Date "2007.09.25"]
[Round "3"]
[White "Santrac, Slobodan"]
[Black "Kalezic, Blazo"]
[Result "1/2-1/2"]
[WhiteElo "2146"]
[BlackElo "2396"]
[PlyCount "43"]
[EventDate "2007.09.24"]
[EventType "team-tourn"]
[EventRounds "9"]
[EventCountry "SRB"]
[SourceTitle "EXT 2023"]
[Source "ChessBase"]
[SourceDate "2022.10.05"]
[SourceVersion "1"]
[SourceVersionDate "2022.10.05"]
[SourceQuality "1"]

1. d4 d5 2. Nf3 Nf6 3. g3 Bg4 4. Bg2 e6 5. Nbd2 Nbd7 6. 0-0 Be7 7. c4 c6 8. b3 0-0 9. Bb2 a5 10. Ne5 Nxe5 11. dxe5 Nd7 12. h3 Bh5 13. cxd5 cxd5 14. g4 Bg6 15. e4 Nc5 16. exd5 exd5 17. Qf3 Kh8 18. Rad1 Bc2 19. Rc1 Bg6 20. Rcd1 Bc2 21. Rc1 Bg6 22. Rcd1 1/2-1/2